| 000 | 00452nam a2200169Ia 4500 | ||
|---|---|---|---|
| 008 | 240729s9999 xx 000 0 und d | ||
| 022 | _a2667-1344 | ||
| 245 | 0 | _aFirePhysChem | |
| 260 | _aChina | ||
| 260 | _bKeAi Communications Co. Ltd. | ||
| 650 | _a Chemical technology | ||
| 650 | _a Explosives and pyrotechnics | ||
| 650 | _aTechnology | ||
| 856 | _uhttps://doaj.org/toc/deb92f02fd9447c49e6ceb9d4654f510 | ||
| 942 | _2ddc | ||
| 942 | _cDOAJEJ | ||
| 999 |
_c67638 _d67638 |
||
| 945 |
_a1 _bMadushi Gamage _c1 _dMadushi Gamage |
||